Datum a čas kvízu
17.5
Celkem bodů
Celkový počet nahraných bodů na tomto kvízu bez doplňovacích otázek.
7.
Pořadí na kvízu
Konečné umístění týmu na tomto kvízu.
Zaznamenané odpovědi
| # | Otázka | Odpověď | Body | Výsledky |
|---|---|---|---|---|
| 1. | „Pro ___. Ne pro ___." Doplňte... | vás; politiky | 0 | |
| 2. | Na internetu se minulý týden o... | A | 0 | |
| 3. | Napište jméno skotského herce... | Iain Glen; Hra o trůny | 0 | |
| 4. | V pondělí byl vládou zrušen od... | NERV (Národní ekonomická rada vlády) | 0 | |
| 5. | Ze kterého města pochází tým,... | ze Seattlu | 0 | |
| 6. | Hned v úvodu nabídneme bod za... | Ulánbátar | 0 | |
| 7. | Mongolština může být zapisován... | cyrilice (azbuka) | 0 | |
| 8. | Jak se jmenuje hudební skupina... | The Hu | 0 | |
| 9. | Tato obydlí se v Mongolsku ozn... | jurta | 1 | |
| 10. | Do Mongolska zasadila děj svéh... | babičku | 0 |